00547nam a2200157 a 450000100100000000500170001000800410002704000250006824500490009326000660014230000170020850000320022504900090025795201060026699900170037200002653420200930030255.0110322s2000 dr 000 0 spa d aDO-SdBNPbspacBNPHU00aResoluciones emitidas por la sala capitular. aSanto Domingo :bAyuntamiento del Distrito Nacional,c[2000]. av. ;c22 cm. aLa biblioteca posee el v. 2 aBNPD 00107-18PDaPDbPDcOId2011-03-22iLF1l0o p26534-10r2020-06-25w2020-06-25yLFPDZNo se presta c26026d26026